Financial Resources for Industrial Projects in Kenya (Record no. 2704)
[ view plain ]
| 000 -LEADER | |
|---|---|
| fixed length control field | 00351nam a22001217a 4500 |
| 008 - FIXED-LENGTH DATA ELEMENTS--GENERAL INFORMATION | |
| fixed length control field | 230626b xxu||||| |||| 00| 0 eng d |
| 082 ## - DEWEY DECIMAL CLASSIFICATION NUMBER | |
| Classification number | 332.024 |
| Item number | PFCD |
| 100 ## - MAIN ENTRY--PERSONAL NAME | |
| Titles and words associated with a name | Project Finance Data Center |
| 245 ## - TITLE STATEMENT | |
| Title | Financial Resources for Industrial Projects in Kenya |
| 260 ## - PUBLICATION, DISTRIBUTION, ETC. (IMPRINT) | |
| Place of publication, distribution, etc. | Kenya |
| Name of publisher, distributor, etc. | Project Finance Data Center |
| Date of publication, distribution, etc. | 2000 |
| 300 ## - PHYSICAL DESCRIPTION | |
| Extent | 157p |
| 942 ## - ADDED ENTRY ELEMENTS (KOHA) | |
| Source of classification or shelving scheme | Dewey Decimal Classification |
| Koha item type | Books |
| Withdrawn status | Lost status | Source of classification or shelving scheme | Damaged status | Not for loan | Home library | Current library | Date acquired | Total Checkouts | Full call number | Barcode | Date last seen | Price effective from | Koha item type |
|---|---|---|---|---|---|---|---|---|---|---|---|---|---|
| Dewey Decimal Classification | County Hall Archives | County Hall Archives | 06/26/2023 | 332.024 PFCD | 10011139 | 06/26/2023 | 06/26/2023 | Books | |||||
| Dewey Decimal Classification | County Hall Archives | County Hall Archives | 06/26/2023 | 332.024 PFCD | 10006667 | 06/26/2023 | 06/26/2023 | Books |
